00355nam a2200121Ia 45000010005000000080041000050820026000461000036000722450058001082600024001669010028001909990015002182536241024s9999 xx 000 0 und d aRD/372.97293/R426in/2 aRepública Dominicana , MINERD 0aIndicadores de logros. Segundo ciclo, nivel básico, bSanto Domingoc2010 a18/10/2012 1:30:58 p.m. c8619d8619